The Texas Chainsaw Massacre Franchise - Statistics

General Stats
  • This quiz has been taken 49 times
  • The average score is 9 of 19
Answer Stats
Type Year Name Info % Correct
Film 1974 The Texas Chainsaw Massacre Bryanston Distributing Company
100%
Video Game 1983 The Texas Chainsaw Massacre Wizard Video Games
100%
Film 2003 The Texas Chainsaw Massacre New Line Cinema
100%
Comic Series 2007 The Texas Chainsaw Massacre WildStorm
100%
Film 1990 Leatherface: The Texas Chainsaw Massacre III New Line Cinema
90%
Comic Mini-Series 1991 Leatherface Northstar Comics
80%
Film 2017 Leatherface Lionsgate
80%
Film 1986 The Texas Chainsaw Massacre 2 Cannon Releasing
78%
Film 2013 Texas Chainsaw 3D Lionsgate
50%
Film 1995 Texas Chainsaw Massacre: The Next Generation Cinépix Film Properties / Sony
50%
Film 2006 The Texas Chainsaw Massacre: The Beginning New Line Cinema
48%
Comic Mini-Series 1995 Jason vs. Leatherface Topps Comics
8%
Non-Fiction Book 2013 Chain Saw Confidential: How We Made the World's Most Notorious Horror Movie Gunnar Hansen
5%
Comic One-Shot 2007 The Texas Chainsaw Massacre: About a Boy WildStorm
5%
Comic Mini-Series 2006 The Texas Chainsaw Massacre: The Grind Avatar Press
5%
Comic One-Shot 2007 The Texas Chainsaw Massacre: Cut! WildStorm
3%
Comic One-Shot 2006 The Texas Chainsaw Massacre Fearbook Avatar Press
3%
Comic Mini-Series 2008 The Texas Chainsaw Massacre: Raising Cain WildStorm
3%
Comic One-Shot 2005 The Texas Chainsaw Massacre Special Avatar Press
0%
No matching quizzes found
Score Distribution
Percent of People with Each Score
Percentile by Number Answered
Your Score History
You have not taken this quiz